[Event "TUN-chTB"]
[Site "Hammamet"]
[Date "2019.02.09"]
[Round "1.2"]
[White "Halimi, Jalel"]
[Black "Bouchamla, Alaa"]
[Result "0-1"]
[WhiteElo "1909"]
[BlackElo "1822"]
[PlyCount "58"]
[EventDate "2019.02.09"]
[EventType "team-tourn"]
[EventRounds "11"]
[EventCountry "TUN"]
[SourceTitle "EXT 2021"]
[Source "ChessBase"]
[SourceDate "2020.10.23"]
[SourceVersion "1"]
[SourceVersionDate "2020.10.23"]
[SourceQuality "1"]

1. d4 e6 2. c4 Nf6 3. Nc3 Bb4 4. Nf3 0-0 5. Bg5 h6 6. Bh4 g5 7. Bg3 Ne4 8. Qc2 f5 9. e3 b6 10. a3 Bxc3+ 11. bxc3 Bb7 12. Be2 d6 13. 0-0 Nd7 14. Nd2 Nxg3 15. hxg3 g4 16. Bxg4 Nf6 17. Bf3 Bxf3 18. gxf3 Kf7 19. Kg2 Rg8 20. Rh1 Rg6 21. Rad1 Qd7 22. c5 Rag8 23. cxb6 cxb6 24. e4 f4 25. e5 fxg3 26. exf6 gxf2+ 27. Kxf2 Rg2+ 28. Ke3 Kf8 29. Rxh6 Qb5 0-1